Organic chemistry / (Record no. 22526)
[ view plain ]
| 000 -LEADER | |
|---|---|
| fixed length control field | 00352nam a2200145 a 4500 |
| 020 ## - INTERNATIONAL STANDARD BOOK NUMBER | |
| ISBN | 0801674905 |
| 040 ## - CATALOGING SOURCE | |
| Transcribing agency | DLC |
| 082 ## - DEWEY DECIMAL CLASSIFICATION NUMBER | |
| Classification number | 547 MOS 1996 C342 Or. |
| 100 ## - MAIN ENTRY--AUTHOR NAME | |
| Personal name | Mosby |
| 245 10 - TITLE STATEMENT | |
| Title | Organic chemistry / |
| 300 ## - PHYSICAL DESCRIPTION | |
| Number of Pages | xviii, 1,121 pages : |
| Other physical details | illustrations ; |
| Dimensions | 26 cm |
| 650 #0 - SUBJECT ADDED ENTRY--TOPICAL TERM | |
| Topical Term | Chemistry, Organic. |
| 700 1# - ADDED ENTRY--PERSONAL NAME | |
| Personal name | Stermitz, Frank R. |
| 942 ## - ADDED ENTRY ELEMENTS (KOHA) | |
| Koha item type | ADB |
| 952 ## - LOCATION AND ITEM INFORMATION (KOHA) | |
| Withdrawn status [LOCAL, KOHA] | 0 |
| Permanent Location | Date acquired | Koha item type | Lost status | Shelving location | Barcode | Current Location | Full call number |
|---|---|---|---|---|---|---|---|
| Library Block C | 2024-01-10 | ADB | C342 | a17008 | Library Block C | 547 MOS 1996 C342 Or. |